Online Catalogue and eLibrary

Yuthathai thinpom (Record no. 4157)

MARC details
000 -LEADER
fixed length control field 00345nam a2200145Ia 4500
005 - DATE AND TIME OF LATEST TRANSACTION
control field 20250402014238.0
008 - FIXED-LENGTH DATA ELEMENTS--GENERAL INFORMATION
fixed length control field 240331s9999 xx 000 0 und d
082 ## - DDC Classification
Item Number - Author Mark THI
Class No. 894
100 ## - MAIN ENTRY--PERSONAL NAME
Personal name Thillainathan, P
245 #0 - TITLE STATEMENT
Title Yuthathai thinpom
260 ## - PUBLICATION, DISTRIBUTION, ETC.
Place of publication, distribution, etc. Scarborough
Name of publisher, distributor, etc. Aruvi Publications
Date of publication, distribution, etc. 1999
300 ## - PHYSICAL DESCRIPTION
Extent (e.g. Volumes, Pages etc.) 44 p .,
650 ## - SUBJECT ADDED ENTRY--TOPICAL TERM
Topical term or geographic name entry element Poems
942 ## - Koha item type (Biblio)
Koha item type Books in Stacks (Lending)
Holdings
Lost status Damaged status Collection code Home library Current library Shelving location Date acquired Full call number Accession Number Item type
    Lending WERC Library WERC Library Social Science Cupboard 03/31/2024 894.811 THI 2996 Books in Stacks (Lending)

© WERC Library